000 01060nam a2200241Ia 4500
999 _c3654
_d3654
003 OSt
005 20200630143619.0
008 191128s1974 ag a fr 000 0dspa d
040 _aCO-JMCR
_cCO-JMCR
041 0 _aspa
082 0 4 _a335.43 /
_bB869e
_223
100 1 _aBujarin, Nicolai,
_eautor
_96336
245 1 3 _aLa economía política del rentista :
_bcrítica de economía marginalista /
_cNicolai Bujarin
250 _aPrimera edición
260 _aBuenos Aires :
_bEdiciones Pasado y Presente,
_c1974
300 _a198 páginas :
_bilustraciones a blanco y negro ;
_c20 cm.
490 0 _aPasado y presente ;
_v5
500 _aIncluye datos biográficos del autor.
505 0 _aIntroducción -- La economía política burguesa después de Marx -- Los fundamentos metodológicos de la teoría de la utilidad marginal y del marxismo -- Teoría del valor -- La teoría del valor (continuación) -- La teoría del beneficio (continuación)
650 1 4 _aEconomía política
_96337
650 1 4 _aTeoría marginal
_xMarxismo
_96338
942 _2ddc
_cBK